[Event "Tournoi Skype 032B"]
[Site "Skype"]
[Date "????.??.??"]
[Round "5.18"]
[White "Gerbaux, Regis"]
[Black "Malbec, Robert"]
[Result "1/2-1/2"]
[WhiteElo "1400"]
[BlackElo "1503"]
[PlyCount "63"]

1. e4 e5 2. Nf3 Nc6 3. c3 Nf6 4. d3 a6 5. Nbd2 Bc5 6. Nb3 Bb6 7. Qc2 Ng4 8. d4
d6 9. h3 Nf6 10. Bd3 O-O 11. O-O Ne7 12. Be3 Ng6 13. Rad1 Bd7 14. dxe5 dxe5 15.
Bxb6 cxb6 16. Nc1 Qc8 17. Ne2 Re8 18. Rc1 Nh5 19. Qd2 Nhf4 20. Nxf4 Nxf4 21.
Bb1 Bxh3 22. Nxe5 Bxg2 23. Qxf4 Rxe5 24. Qxe5 Qh3 25. f3 Qh1+ 26. Kf2 Bxf1 27.
Rxf1 Qh4+ 28. Qg3 Qxg3+ 29. Kxg3 Rd8 30. Bc2 Rd2 31. Rd1 Rxd1 32. Bxd1 1/2-1/2

[Event "Tournoi Skype 032B"]
[Site "Skype"]
[Date "????.??.??"]
[Round "5.19"]
[White "Busto, Ricardo"]
[Black "Gomez Zuluaga, Jorge Adiel"]
[Result "0-1"]
[WhiteElo "1585"]
[BlackElo "1468"]
[PlyCount "70"]

1. d4 d5 2. Bf4 Nd7 3. e3 a6 4. Nf3 h6 5. h3 Ngf6 6. Nbd2 e6 7. Bd3 c6 8. Qe2
Bb4 9. O-O-O a5 10. c3 Be7 11. Nb3 Qb6 12. Ne5 a4 13. Nxd7 Bxd7 14. Nd2 Ba3 15.
Nc4 dxc4 16. Bxc4 Be7 17. e4 Ba3 18. Qc2 O-O 19. Be3 Be7 20. d5 Qd8 21. g4 cxd5
22. exd5 Nxd5 23. Bd4 Nf6 24. f4 Bc6 25. Bxf6 Bxf6 26. Rxd8 Rfxd8 27. Rd1 Rdc8
28. b3 a3 29. Qd3 b5 30. Bxb5 Bxb5 31. Qxb5 Rxc3+ 32. Kd2 Rd8+ 33. Ke2 Rc2+ 34.
Ke1 Bc3+ 35. Kf1 Rxd1# 0-1

[Event "Tournoi Skype 032B"]
[Site "Skype"]
[Date "????.??.??"]
[Round "5.20"]
[White "Codina, Teresa"]
[Black "Wildt, Gerti"]
[Result "1-0"]
[WhiteElo "1548"]
[BlackElo "1438"]
[PlyCount "117"]

1. d4 g6 2. Nf3 Bg7 3. e3 Nf6 4. b3 d6 5. Bb2 O-O 6. c4 a6 7. Nbd2 Nbd7 8. Be2
c5 9. d5 b5 10. Rc1 Nb6 11. a3 e6 12. e4 exd5 13. exd5 Re8 14. O-O Bg4 15. Re1
Nbd7 16. h3 Bf5 17. Nh4 Bd3 18. Nf1 Bxe2 19. Rxe2 Ne5 20. Nh2 Bh6 21. Rcc2 Bg7
22. N4f3 Nfd7 23. Nxe5 Nxe5 24. Bc1 Qb6 25. Nf3 Nxf3+ 26. gxf3 bxc4 27. bxc4
Qb3 28. Rxe8+ Rxe8 29. Rd2 Qxd1+ 30. Rxd1 Re5 31. Be3 Rh5 32. Kh2 Be5+ 33. f4
Bg7 34. a4 a5 35. Rb1 Rf5 36. Rb7 h5 37. Rd7 Bf8 38. Ra7 g5 39. fxg5 Re5 40.
Rxa5 Re4 41. Ra8 Rxc4 42. a5 Kg7 43. a6 Ra4 44. a7 c4 45. h4 c3 46. Rb8 c2 47.
a8=Q Rxa8 48. Rxa8 Kg6 49. Rxf8 Kg7 50. Rd8 f5 51. Rxd6 f4 52. Bc1 f3 53. Kg3
Kf7 54. Rc6 Ke7 55. Rxc2 Kd6 56. Rd2 Ke5 57. Bb2+ Kd6 58. Ba3+ Kd7 59. d6 1-0

[Event "Tournoi Skype 032B"]
[Site "Skype"]
[Date "????.??.??"]
[Round "5.21"]
[White "Battaglia, Gabriele"]
[Black "Tolaro, Filippa"]
[Result "1/2-1/2"]
[WhiteElo "1535"]
[BlackElo "1400"]
[PlyCount "77"]

1. Nf3 d5 2. g3 Nf6 3. Bg2 Bf5 4. O-O e6 5. d3 Bd6 6. Re1 Nbd7 7. Nc3 Ne5 8.
Nd4 Bb4 9. Nxf5 exf5 10. d4 Nc6 11. Bg5 Ne7 12. Bxf6 gxf6 13. Qd3 Qd7 14. f4
O-O-O 15. Red1 Bxc3 16. bxc3 Qc6 17. Bh3 Qc4 18. Bxf5+ Nxf5 19. Qxf5+ Kb8 20.
Qd3 Rde8 21. Re1 Qxd3 22. cxd3 b6 23. e4 c6 24. Re2 f5 25. Rae1 Re6 26. e5 c5
27. Rc1 Rc8 28. Rec2 c4 29. dxc4 Rxc4 30. Kf2 a5 31. Rb1 Kb7 32. Rb5 Kc6 33.
Rbb2 b5 34. a3 Kb6 35. Ke3 Rec6 36. Kd3 Ka6 37. Rb3 a4 38. Rb4 Rxb4 39. cxb4
1/2-1/2

[Event "Tournoi Skype 032B"]
[Site "Skype"]
[Date "????.??.??"]
[Round "5.22"]
[White "Alesse, Samuel"]
[Black "Vincent, Andre"]
[Result "0-1"]
[WhiteElo "1400"]
[BlackElo "1533"]
[PlyCount "72"]

1. d4 Nf6 2. Bf4 d5 3. e3 Bf5 4. Nf3 g6 5. Be2 Bg7 6. h3 Nbd7 7. Nbd2 Ne4 8.
Nxe4 dxe4 9. Ne5 Nf6 10. c4 c6 11. O-O O-O 12. Qb3 Qc8 13. Bg4 Nxg4 14. Nxg4
Bxg4 15. hxg4 Re8 16. d5 e6 17. d6 b6 18. Rad1 Qd7 19. a4 Rab8 20. Qc2 f5 21.
gxf5 exf5 22. b4 a6 23. b5 c5 24. Qd2 h6 25. a5 g5 26. Bh2 Kf8 27. bxa6 Ra8 28.
axb6 Rxa6 29. Rb1 Rb8 30. b7 Ra7 31. Rb3 Rbxb7 32. Rxb7 Qxb7 33. Rd1 Ke8 34.
Qd5 Qxd5 35. Rxd5 Ra1+ 36. Rd1 Rxd1# 0-1

[Event "Tournoi Skype 032B"]
[Site "Skype"]
[Date "????.??.??"]
[Round "5.25"]
[White "Farfallini, Michel"]
[Black "Bendre, Nilesh"]
[Result "0-1"]
[WhiteElo "1642"]
[BlackElo "1400"]
[PlyCount "76"]

1. d4 d5 2. Nf3 Nc6 3. Bf4 Nf6 4. e3 e6 5. c4 Bd6 6. Bg3 a6 7. a3 Ne4 8. Bh4
Be7 9. Bxe7 Qxe7 10. cxd5 exd5 11. Nc3 Qd8 12. Bd3 Nf6 13. O-O Bg4 14. Be2 h6
15. Re1 O-O 16. Qc2 Ne7 17. Ne5 Bf5 18. Bd3 Bxd3 19. Qxd3 Re8 20. Qc2 Nc6 21.
Nf3 Ne4 22. Qb3 Rb8 23. Nxd5 Ne7 24. Nc3 Ng6 25. Rad1 Nh4 26. Ne5 Qf6 27. Qxf7+
Qxf7 28. Nxf7 Kxf7 29. f3 Nxc3 30. bxc3 Re6 31. e4 Rg6 32. Rd3 Rxg2+ 33. Kh1
Ra2 34. c4 Re8 35. e5 Re6 36. f4 Rg6 37. f5 Rgg2 38. Rg1 Rxh2# 0-1

[Event "Tournoi Skype 032B"]
[Site "Skype"]
[Date "????.??.??"]
[Round "5.26"]
[White "Maccaferri, Massimo"]
[Black "Pouteau, Pascal"]
[Result "0-1"]
[WhiteElo "1444"]
[BlackElo "1616"]
[PlyCount "76"]

1. e4 g6 2. d3 Bg7 3. Nc3 d6 4. Nf3 Bg4 5. Be2 Nd7 6. O-O Bxf3 7. Bxf3 Ne5 8.
Bf4 e6 9. Bg3 Ne7 10. Qd2 Nxf3+ 11. gxf3 Qd7 12. Kg2 h5 13. h4 O-O-O 14. Rad1
Rdf8 15. a4 f5 16. Nb5 a6 17. Nc3 Rf7 18. Qe3 Kb8 19. exf5 Nxf5 20. Qe2 Rhf8
21. f4 Nd4 22. Qd2 Qc6+ 23. f3 Nf5 24. Bf2 Nh6 25. Ne2 Ng4 26. Bg3 Bh6 27. Kh3
Ne5 28. d4 Nc4 29. Qc1 Qd7 30. Kg2 d5 31. b3 Nd6 32. Qb1 Nf5 33. c3 Nxg3 34.
Kxg3 Bxf4+ 35. Nxf4 Rxf4 36. Qxg6 Qd6 37. Kg2 Rxh4 38. Rde1 Qh2# 0-1

[Event "Tournoi Skype 032B"]
[Site "Skype"]
[Date "????.??.??"]
[Round "5.27"]
[White "Cockayne, Curtis"]
[Black "Skura, Simone"]
[Result "1-0"]
[WhiteElo "1615"]
[BlackElo "1441"]
[PlyCount "110"]

1. Nf3 d5 2. e4 dxe4 3. Ng5 Nf6 4. d3 exd3 5. Bxd3 Bg4 6. f3 Bd7 7. Nc3 h6 8.
Nge4 Nxe4 9. Nxe4 e5 10. Be3 Be7 11. Nc5 Bxc5 12. Bxc5 b6 13. Be3 Nc6 14. Be4
O-O 15. Bxc6 Bxc6 16. Qxd8 Raxd8 17. f4 exf4 18. Bxf4 Bxg2 19. Rg1 Rfe8+ 20.
Kf2 Be4 21. Bxh6 Bg6 22. Bg5 Rc8 23. c3 c5 24. Rae1 f5 25. Rxe8+ Rxe8 26. Bf4
Kf7 27. a3 a6 28. c4 Re4 29. Bc7 b5 30. cxb5 axb5 31. Rd1 Rd4 32. Re1 Rd2+ 33.
Kg1 Rxb2 34. Rd1 Ke8 35. Rd8+ Ke7 36. Rd6 Bf7 37. Rd1 c4 38. Re1+ Be6 39. Rd1
Kf6 40. Bd8+ Ke5 41. Bb6 Ke4 42. Re1+ Kd5 43. Rd1+ Kc6 44. Bd4 Ra2 45. Bxg7
Rxa3 46. Bf8 Rd3 47. Ra1 Rd8 48. Ra6+ Kd5 49. Be7 Rd7 50. Bf8 Rd8 51. Be7 Rh8
52. Rd6+ Ke5 53. Rb6 Rxh2 54. Kxh2 Bd7 55. Kg3 Ke4 1-0

[Event "Tournoi Skype 032B"]
[Site "Skype"]
[Date "????.??.??"]
[Round "5.28"]
[White "Achicanoy, Yolanda"]
[Black "Scata, Laura"]
[Result "0-1"]
[WhiteElo "1443"]
[BlackElo "1583"]
[PlyCount "36"]

1. e4 c6 2. Bc4 d5 3. exd5 cxd5 4. Bb3 Nc6 5. Nc3 Nf6 6. d3 e6 7. Be3 d4 8.
Bxd4 Nxd4 9. Bc4 b6 10. h3 Bb7 11. f3 Bd6 12. a3 Bg3+ 13. Kf1 Qc7 14. Bb5+ Bc6
15. Bxc6+ Qxc6 16. Nge2 Qd6 17. Nxd4 Qxd4 18. Nb5 Qf2# 0-1

[Event "Tournoi Skype 032B"]
[Site "Skype"]
[Date "????.??.??"]
[Round "5.29"]
[White "Prieto Umba, Jairo Ovidio"]
[Black "Diaz Yara, Jose Mauricio"]
[Result "1-0"]
[WhiteElo "1582"]
[BlackElo "1435"]
[PlyCount "87"]

1. c4 Nf6 2. Nc3 e6 3. a3 d5 4. cxd5 exd5 5. d4 Be7 6. Bf4 c6 7. e3 O-O 8. Bd3
Bg4 9. Nf3 Nbd7 10. h3 Bh5 11. O-O Bg6 12. Be2 Ne4 13. Nxe4 Bxe4 14. Nd2 f5 15.
f3 Bg5 16. fxe4 fxe4 17. Bxg5 Qxg5 18. Rxf8+ Rxf8 19. Nf1 Rf6 20. Qe1 Rg6 21.
Qf2 Nf6 22. h4 Qh6 23. Nh2 Rxg2+ 24. Kxg2 Qg6+ 25. Qg3 Qe8 26. Rg1 Nh5 27. Qg5
h6 28. Qxh5 Qxh5 29. Bxh5 g5 30. hxg5 hxg5 31. Kh3 Kf8 32. Rxg5 b5 33. b4 a6
34. Ng4 Ke7 35. Rg6 Kd7 36. Ne5+ Kc7 37. Rxc6+ Kb7 38. Bf7 Kb8 39. Bxd5 Ka7 40.
Be6 Kb7 41. d5 a5 42. d6 a4 43. d7 Ka7 44. d8=Q 1-0

[Event "Tournoi Skype 032B"]
[Site "Skype"]
[Date "????.??.??"]
[Round "5.30"]
[White "Bolanos Ocampo, Sandra"]
[Black "Crocioni, Luca"]
[Result "0-1"]
[WhiteElo "1423"]
[BlackElo "1566"]
[PlyCount "86"]

1. e4 e5 2. Nf3 Nc6 3. Bc4 Nd4 4. d3 d6 5. c3 Nxf3+ 6. Qxf3 Nf6 7. Nd2 Be7 8.
Qe2 Bd7 9. Nf3 a5 10. O-O a4 11. a3 b5 12. Ba2 O-O 13. Bg5 Ne8 14. Qe3 Bg4 15.
Rad1 Bxf3 16. Qxf3 Bxg5 17. Rfe1 Qf6 18. Qg3 Qh6 19. h3 Bd2 20. Re2 Bf4 21. Qf3
Nf6 22. d4 Rae8 23. Bb1 Nd7 24. Bd3 c6 25. Rc2 Re6 26. Be2 g6 27. g3 Bg5 28.
Bf1 Rf6 29. Qe2 Re6 30. Bg2 Nb6 31. Bf3 Nc4 32. d5 cxd5 33. exd5 Ree8 34. Kg2
Be3 35. Rh1 f5 36. Kg1 Bc5 37. h4 e4 38. Bg2 e3 39. Kf1 Nd2+ 40. Ke1 exf2+ 41.
Kd1 Rxe2 42. Kxe2 Re8+ 43. Kd3 Qe3# 0-1

[Event "Tournoi Skype 032B"]
[Site "Skype"]
[Date "????.??.??"]
[Round "5.31"]
[White "Ponz Lazaro, Ruperto"]
[Black "Hernandez, Ivan"]
[Result "1-0"]
[WhiteElo "1558"]
[BlackElo "1413"]
[PlyCount "107"]

1. d4 c5 2. d5 Nf6 3. Nc3 a6 4. Nf3 d6 5. Bg5 e6 6. e3 Be7 7. Be2 O-O 8. O-O
exd5 9. Bxf6 Bxf6 10. Qxd5 Bxc3 11. bxc3 Nc6 12. Rfd1 Be6 13. Qxd6 Qe7 14. Qxe7
Nxe7 15. Ng5 b5 16. Bd3 g6 17. Nxe6 fxe6 18. c4 Rac8 19. cxb5 c4 20. Be2 axb5
21. Bg4 Nf5 22. e4 Rcd8 23. exf5 Rxd1+ 24. Rxd1 exf5 25. Bf3 h5 26. c3 Kg7 27.
Rd7+ Kf6 28. Rb7 Rd8 29. Rxb5 Rd3 30. Kf1 Rxc3 31. Rc5 Ra3 32. Rxc4 Rxa2 33. g3
Ra1+ 34. Kg2 Ra5 35. Rc6+ Kg7 36. h4 Ra4 37. Be2 f4 38. Bd3 fxg3 39. fxg3 Rg4
40. Rc4 Rxc4 41. Bxc4 Kf6 42. Kf3 g5 43. Be2 Kf5 44. Kg2 Kg6 45. Kh3 gxh4 46.
Kxh4 Kh6 47. Bxh5 Kg7 48. g4 Kh6 49. g5+ Kg7 50. Kg4 Kh7 51. Kf5 Kg7 52. g6 Kh6
53. Kf6 Kxh5 54. g7 1-0

[Event "Tournoi Skype 032B"]
[Site "Skype"]
[Date "????.??.??"]
[Round "5.32"]
[White "Hernandez Monzon, Alejandro"]
[Black "De Souza, Luciano"]
[Result "1-0"]
[WhiteElo "1552"]
[BlackElo "1407"]
[PlyCount "49"]

1. d4 Nf6 2. c4 g6 3. Nc3 d5 4. Bf4 Bg7 5. Nf3 O-O 6. e3 a6 7. Bd3 Nbd7 8. cxd5
c6 9. dxc6 bxc6 10. Bc2 c5 11. h4 h6 12. Qd2 Qa5 13. e4 Kh7 14. h5 g5 15. e5+
Kh8 16. exf6 Nxf6 17. Be5 Bb7 18. Qd3 Qb6 19. Bxf6 Qe6+ 20. Be5 f5 21. O-O-O
Be4 22. Bxg7+ Kxg7 23. Qe3 Qc4 24. b3 Qb4 25. dxc5 1-0

[Event "Tournoi Skype 032B"]
[Site "Skype"]
[Date "????.??.??"]
[Round "5.33"]
[White "Borg, Anthony"]
[Black "Roberge, Yves"]
[Result "1-0"]
[WhiteElo "1548"]
[BlackElo "1401"]
[PlyCount "71"]

1. e4 e6 2. e5 g6 3. d4 Bg7 4. Nf3 d6 5. Bg5 Nc6 6. Bxd8 Nxd8 7. exd6 cxd6 8.
Bb5+ Nc6 9. O-O Nf6 10. Nc3 O-O 11. Re1 Rd8 12. Bd3 e5 13. dxe5 dxe5 14. Ne4
Nxe4 15. Rxe4 Bf5 16. Re3 e4 17. Qe2 exd3 18. cxd3 Bxb2 19. Qxb2 Bxd3 20. Qxb7
Na5 21. Qb4 Nc6 22. Qf4 Rd5 23. Qc7 Bb5 24. Rae1 Kg7 25. Qg3 Rad8 26. h3 Nd4
27. Nxd4 Rxd4 28. Qe5+ f6 29. Qxb5 Rd2 30. Re7+ Kh6 31. Qb7 Rxa2 32. Rxh7+ Kg5
33. Qb5+ f5 34. Qb4 a5 35. Qe7+ Kf4 36. Rh4# 1-0

[Event "Tournoi Skype 032B"]
[Site "Skype"]
[Date "????.??.??"]
[Round "5.34"]
[White "Davanzo, Luca"]
[Black "Cengiz, Ali Ekber"]
[Result "0-1"]
[WhiteElo "1400"]
[BlackElo "1544"]
[PlyCount "76"]

1. e4 e5 2. Nf3 Nc6 3. Bb5 d6 4. O-O Bd7 5. c3 a6 6. Ba4 Be7 7. Re1 Nf6 8. d4
O-O 9. Bc2 h6 10. Nbd2 b5 11. h3 Re8 12. Nf1 Bf8 13. Ng3 Qc8 14. b3 b4 15. Bb2
a5 16. c4 Qd8 17. Qd2 g6 18. d5 Na7 19. a4 c6 20. c5 Kg7 21. Rad1 Nc8 22. cxd6
Bxd6 23. dxc6 Bxc6 24. Nh4 Bd7 25. Qe3 Ng8 26. Nf3 Re6 27. Nf5+ gxf5 28. exf5
Rf6 29. Be4 Bxf5 30. Bxa8 Re6 31. Bd5 Rg6 32. Nxe5 Bxe5 33. Bxe5+ f6 34. Bd4
Qxd5 35. f3 Qf7 36. h4 Nd6 37. Qf4 h5 38. Rd2 Ne4 0-1

[Event "Tournoi Skype 032B"]
[Site "Skype"]
[Date "????.??.??"]
[Round "5.35"]
[White "Hernandez, Enrique"]
[Black "Baratta, Giuseppe"]
[Result "1-0"]
[WhiteElo "1543"]
[BlackElo "1398"]
[PlyCount "99"]

1. d4 d5 2. c4 c6 3. Nc3 Bf5 4. Qb3 Qd7 5. Nf3 e6 6. Ne5 Qc7 7. e3 Bd6 8. cxd5
cxd5 9. Bb5+ Nd7 10. Bxd7+ Kf8 11. Nxd5 exd5 12. Bxf5 Ne7 13. Nf3 Nxf5 14. Qxd5
Ne7 15. Qb3 a5 16. e4 a4 17. Qd3 Bb4+ 18. Bd2 Qa5 19. Rd1 a3 20. Qxa3 Qxa3 21.
bxa3 Rxa3 22. Bxb4 Rxa2 23. Bxe7+ Kxe7 24. O-O Re2 25. e5 Rd8 26. Rb1 Rd7 27.
d5 f6 28. d6+ Ke6 29. Nd4+ Kxe5 30. Nxe2 Kxd6 31. Rfd1+ Kc7 32. Rxd7+ Kxd7 33.
Rxb7+ Kc6 34. Rxg7 h5 35. Nf4 Kd6 36. Kf1 Ke5 37. Nd3+ Kf5 38. Ke2 Ke6 39. Kf3
f5 40. Kf4 Kf6 41. Rg5 h4 42. Rxf5+ Kg6 43. Ne5+ Kh6 44. Kg4 h3 45. g3 Kg7 46.
Kg5 Kg8 47. Rf7 Kh8 48. Kg6 Kg8 49. Rf6 Kh8 50. Rf8# 1-0

[Event "Tournoi Skype 032B"]
[Site "Skype"]
[Date "????.??.??"]
[Round "5.36"]
[White "De Deus, Licelia"]
[Black "Mira Poveda, Jose Antonio"]
[Result "0-1"]
[WhiteElo "1400"]
[BlackElo "1542"]
[PlyCount "90"]

1. e4 e5 2. Nf3 Nc6 3. Bc4 h6 4. c3 Bc5 5. d4 Bd6 6. dxe5 Nxe5 7. Nxe5 Bxe5 8.
Qh5 Qe7 9. O-O Nf6 10. Bxf7+ Kf8 11. Qg6 Qxf7 12. Qxf7+ Kxf7 13. Nd2 Rf8 14. f4
Bd6 15. b4 Be7 16. e5 Nh7 17. Ne4 Kg8 18. f5 d6 19. f6 gxf6 20. exf6 Nxf6 21.
Nxf6+ Bxf6 22. Bxh6 Rf7 23. Rae1 Bd7 24. h4 Bxh4 25. Rxf7 Kxf7 26. Rf1+ Kg6 27.
Be3 b6 28. Rf4 Bf6 29. g4 Bxc3 30. Rc4 Be5 31. g5 c6 32. Rh4 Bg7 33. Re4 Re8
34. Re7 Rxe7 35. Bf4 Bd4+ 36. Kg2 Re2+ 37. Kf3 Rxa2 38. Ke4 c5 39. Kd5 Be5 40.
Be3 Ra3 41. Bd2 Rd3+ 42. Kc4 Rxd2 43. bxc5 b5+ 44. Kb4 dxc5+ 45. Kxc5 Bd6# 0-1

[Event "Tournoi Skype 032B"]
[Site "Skype"]
[Date "????.??.??"]
[Round "5.37"]
[White "Guevara, Lizbeth"]
[Black "Aghaee, Shirin"]
[Result "1-0"]
[WhiteElo "1534"]
[BlackElo "1400"]
[PlyCount "89"]

1. f4 d5 2. d4 e6 3. Nf3 Nd7 4. c3 c5 5. Bd2 b6 6. e3 Bb7 7. Be2 Ngf6 8. c4
dxc4 9. Nc3 cxd4 10. Nxd4 Bc5 11. Bf3 Rb8 12. Nc6 Bxc6 13. Bxc6 Qc7 14. Bb5 O-O
15. Qa4 e5 16. Qxc4 exf4 17. Qxf4 Qxf4 18. exf4 Rbe8+ 19. Ne2 Re4 20. g3 Rd8
21. b4 Bd4 22. O-O-O Ng4 23. Nxd4 Rxd4 24. Rhe1 Ndf6 25. Re7 h6 26. Rxa7 Nxh2
27. Re1 Rxd2 28. Ree7 Rd1+ 29. Kc2 Rh1 30. Rxf7 Nh5 31. Bc4 Kh7 32. f5 Ng4 33.
Rfe7 Ngf6 34. Bf7 Rh2+ 35. Kc1 Kh8 36. g4 Nxg4 37. Re8+ Rxe8 38. Bxe8 Nhf6 39.
Bc6 Ne5 40. Ra8+ Kh7 41. Bb5 Rf2 42. a4 Rxf5 43. a5 bxa5 44. bxa5 Nfd7 45. a6
1-0

[Event "Tournoi Skype 032B"]
[Site "Skype"]
[Date "????.??.??"]
[Round "5.38"]
[White "Facco Comunello, Lorenzo"]
[Black "Alarcon Alarcon, Marina"]
[Result "1-0"]
[WhiteElo "1400"]
[BlackElo "1527"]
[PlyCount "103"]

1. e4 e5 2. Nf3 Nc6 3. Bc4 Nf6 4. d3 h6 5. O-O Be7 6. Re1 O-O 7. c3 d6 8. h3 a6
9. d4 Na5 10. Bd3 Nc6 11. Nbd2 b5 12. a4 b4 13. Nc4 bxc3 14. bxc3 exd4 15. cxd4
Nb4 16. Bb1 Nc6 17. d5 Ne5 18. Ncxe5 dxe5 19. Nxe5 Nh7 20. Nc6 Qe8 21. Nxe7+
Qxe7 22. Ba3 Qg5 23. Bxf8 Nxf8 24. Re3 Qe5 25. Bc2 Ng6 26. Rb1 Nf4 27. Rbb3 h5
28. h4 Qf6 29. Rf3 Qxh4 30. g3 Qg5 31. Rxf4 Bg4 32. Qb1 h4 33. Rxg4 Qxg4 34.
Bd1 Qg5 35. Kg2 hxg3 36. Rxg3 Qf6 37. Rb3 Qe5 38. Bf3 g6 39. Qb2 Qg5+ 40. Kf1
Qf4 41. Qc3 Qd6 42. Rb7 a5 43. Qxc7 Qf6 44. Rb8+ Rxb8 45. Qxb8+ Kg7 46. Qb3
Qa1+ 47. Ke2 Qd4 48. Qb5 Qc3 49. d6 Qc2+ 50. Ke3 Qc3+ 51. Qd3 Qe5 52. Qd4 1-0

[Event "Tournoi Skype 032B"]
[Site "Skype"]
[Date "????.??.??"]
[Round "5.39"]
[White "Jacinto Sebastian, Carlos Ivan"]
[Black "Valmalette, Alain"]
[Result "1/2-1/2"]
[WhiteElo "1400"]
[BlackElo "1513"]
[PlyCount "99"]

1. d4 Nf6 2. c4 d5 3. Nc3 e6 4. e4 dxe4 5. c5 Nc6 6. Bf4 Nxd4 7. Qa4+ c6 8.
O-O-O Bxc5 9. g3 b5 10. Nxb5 cxb5 11. Bxb5+ Bd7 12. Qc4 Bb6 13. Be5 Bxb5 14.
Qb4 Qc8+ 15. Qc3 Qxc3+ 16. bxc3 Rc8 17. Bxd4 Bxd4 18. Rxd4 O-O 19. Ne2 Bxe2 20.
Kd2 Bb5 21. a4 Ba6 22. c4 Bxc4 23. Rc1 Nd5 24. Rdxc4 Rxc4 25. Rxc4 f5 26. h4 h5
27. Rc6 f4 28. g4 g6 29. Ra6 e3+ 30. fxe3 fxe3+ 31. Ke2 Rf2+ 32. Kd3 e2 33.
Rxe6 e1=Q 34. Rxe1 Kh7 35. Kd4 Rd2+ 36. Ke5 hxg4 37. Rg1 Ne3 38. Kf4 Re2 39.
Rg3 Kh6 40. Rxe3 Rxe3 41. Kxe3 Kh5 42. Kf2 Kxh4 43. Kg2 g3 44. a5 g5 45. a6 Kg4
46. Kg1 Kh3 47. Kh1 g4 48. Kg1 g2 49. Kf2 g3+ 50. Kg1 1/2-1/2

[Event "Tournoi Skype 032B"]
[Site "Skype"]
[Date "????.??.??"]
[Round "5.41"]
[White "Chamorro Cajina, Ivan Antonio"]
[Black "Alcaraz Acosta, Luisa Montserrat"]
[Result "1-0"]
[WhiteElo "1490"]
[BlackElo "1382"]
[PlyCount "69"]

1. c4 e5 2. Nc3 Nf6 3. g3 b6 4. Bg2 Bb7 5. Bxb7 Be7 6. Nf3 d6 7. d4 Nbd7 8.
dxe5 dxe5 9. Nxe5 Nxe5 10. Bxa8 O-O 11. Qxd8 Rxd8 12. Bg2 Nxc4 13. O-O Bc5 14.
e4 h6 15. b3 Ne5 16. Bf4 Neg4 17. Bxc7 Rd7 18. Bf4 g5 19. e5 gxf4 20. exf6 Nxf6
21. gxf4 Rd3 22. Rac1 Ng4 23. Ne4 Be7 24. f5 h5 25. f3 Ne3 26. f6 Bf8 27. Rfe1
Bh6 28. Rc8+ Kh7 29. Ng3 h4 30. Ne2 Bg5 31. f4 Bxf6 32. Be4+ Kg7 33. Bxd3 h3
34. Ng3 Ng4 35. Nh5+ 1-0

[Event "Tournoi Skype 032B"]
[Site "Skype"]
[Date "????.??.??"]
[Round "5.42"]
[White "Saglam, Derya"]
[Black "Munera Garcia, Lina Marcela"]
[Result "1-0"]
[WhiteElo "1400"]
[BlackElo "1478"]
[PlyCount "49"]

1. e4 e5 2. Nf3 Nc6 3. Bc4 Nf6 4. Nc3 Be7 5. O-O O-O 6. Re1 b6 7. a3 Bb7 8. b4
a6 9. d4 exd4 10. Nxd4 Nxd4 11. Qxd4 c5 12. Qd3 Qc7 13. Bb2 Rad8 14. Nd5 Nxd5
15. exd5 Rfe8 16. Rad1 b5 17. Ba2 cxb4 18. Qb3 a5 19. d6 Bd5 20. Qxd5 Rf8 21.
dxc7 Rc8 22. Rxe7 Rxc7 23. Re8 d6 24. Rxf8+ Kxf8 25. Qxd6+ 1-0

[Event "Tournoi Skype 032B"]
[Site "Skype"]
[Date "????.??.??"]
[Round "5.43"]
[White "Torres, Vicky"]
[Black "Ortis, Yves"]
[Result "1-0"]
[WhiteElo "1400"]
[BlackElo "1452"]
[PlyCount "121"]

1. e4 e5 2. Nf3 Nc6 3. Bb5 a6 4. Ba4 b5 5. Bb3 Bc5 6. O-O Nge7 7. c3 O-O 8. d4
exd4 9. cxd4 Ba7 10. Nc3 d6 11. Bg5 Bg4 12. h3 Bxf3 13. Qxf3 h6 14. Bf4 Na5 15.
Bc2 Nc4 16. b3 Nd2 17. Bxd2 Bxd4 18. a3 Ng6 19. Qg3 Be5 20. Qg4 c6 21. Rac1 Qc7
22. Ne2 Bb2 23. Rb1 Be5 24. Bf4 d5 25. Bxe5 Nxe5 26. Qg3 Rad8 27. Nd4 g6 28.
Rbc1 Qe7 29. Nf5 Qg5 30. Qxg5 hxg5 31. Ne7+ Kg7 32. Bb1 dxe4 33. Bxe4 f5 34.
Bxc6 g4 35. h4 Rh8 36. g3 Kf6 37. Nd5+ Kg7 38. Nf4 Kf6 39. Bb7 g5 40. hxg5+
Kxg5 41. Ne6+ Kf6 42. Nxd8 Rxd8 43. Bxa6 Nd3 44. Rc6+ Kg5 45. Bxb5 Ne5 46. Re6
Nf3+ 47. Kg2 Nd2 48. Rfe1 Nxb3 49. Re8 Rxe8 50. Rxe8 Nd4 51. Rg8+ Kf6 52. Bc4
Nf3 53. a4 Ke5 54. a5 Ne1+ 55. Kf1 Nf3 56. a6 Nd2+ 57. Ke2 Nxc4 58. a7 Nb6 59.
Rb8 Nd7 60. Rb5+ Kd6 61. a8=Q 1-0

[Event "Tournoi Skype 032B"]
[Site "Skype"]
[Date "????.??.??"]
[Round "5.44"]
[White "Molina, Maria Lucia"]
[Black "Sauvaget, Joel"]
[Result "0-1"]
[WhiteElo "1395"]
[BlackElo "1553"]
[PlyCount "58"]

1. e4 e5 2. Nf3 d6 3. Bc4 h6 4. Nc3 Nf6 5. O-O Be7 6. h3 O-O 7. Re1 Nbd7 8. a3
Nb6 9. Bd3 Bd7 10. b4 a6 11. a4 c6 12. a5 Nc8 13. Bc4 Re8 14. d4 exd4 15. Nxd4
Bf8 16. Nf5 Bxf5 17. exf5 d5 18. Ba2 Bxb4 19. Bb3 Bxc3 20. Re2 Bxa1 21. Qe1
Rxe2 22. Qxe2 Na7 23. Bg5 hxg5 24. Qd1 Nb5 25. Qxa1 Qd7 26. Qe5 Re8 27. Qg3
Qxf5 28. c4 Nd4 29. Ba4 Ne2+ 0-1

[Event "Tournoi Skype 032B"]
[Site "Skype"]
[Date "????.??.??"]
[Round "5.46"]
[White "Bland, Marilyn"]
[Black "Osti, Giorgio"]
[Result "1-0"]
[WhiteElo "1468"]
[BlackElo "1400"]
[PlyCount "99"]

1. e4 e5 2. Nf3 Nc6 3. d4 d6 4. Bc4 Nf6 5. Nc3 h6 6. O-O Be7 7. Be3 O-O 8. Ne2
Nxe4 9. Ng3 Nxg3 10. fxg3 Bg4 11. h3 Bxf3 12. Qxf3 exd4 13. Bd2 Ne5 14. Qe2
Nxc4 15. Qxc4 Bf6 16. c3 d5 17. Qd3 c5 18. Rae1 c4 19. Qf3 Bg5 20. Bf4 Qf6 21.
Bxg5 Qxg5 22. cxd4 Qd2 23. Qxd5 Rac8 24. Qd7 Qxb2 25. Re2 Qxe2 26. Qa4 c3 27.
Qxa7 c2 28. Qxb7 c1=Q 29. Rxc1 Rxc1+ 30. Kh2 Rc2 31. a4 Rb8 32. Qxb8+ Kh7 33.
Qb7 Qf1 34. Qe4+ Kh8 35. Qxc2 g5 36. Qc8+ Kh7 37. Qc2+ Kh8 38. d5 Qa6 39. Qc3+
Kh7 40. Qb4 Qa8 41. Qb5 Qd8 42. Qd3+ Kh8 43. Qd4+ Kh7 44. Qe4+ Kh8 45. Qe5+ Kh7
46. Qf5+ Kh8 47. Qxf7 Qg8 48. Qf6+ Qg7 49. Qxg7+ Kxg7 50. a5 1-0

[Event "Tournoi Skype 032B"]
[Site "Skype"]
[Date "????.??.??"]
[Round "5.47"]
[White "Ricord, Gerardo"]
[Black "Mendoza Lainez, Ricardo Jose"]
[Result "0-1"]
[WhiteElo "1371"]
[BlackElo "1452"]
[PlyCount "38"]

1. e4 e5 2. Nf3 Nc6 3. Bc4 Nf6 4. d3 Bc5 5. h3 h6 6. O-O d6 7. Nc3 Qe7 8. a3
Bxh3 9. gxh3 g5 10. b4 Bb6 11. Nd5 Nxd5 12. Bxd5 Qd7 13. b5 Na5 14. a4 g4 15.
Nh4 g3 16. Be3 Qxh3 17. Re1 gxf2+ 18. Bxf2 Rg8+ 19. Ng6 Rxg6+ 0-1

[Event "Tournoi Skype 032B"]
[Site "Skype"]
[Date "????.??.??"]
[Round "5.48"]
[White "Baker, Abi"]
[Black "Viatge, Fabrice"]
[Result "0-1"]
[WhiteElo "1438"]
[BlackElo "1400"]
[PlyCount "100"]

1. g3 Nf6 2. Bg2 d5 3. f4 e6 4. Nf3 Bc5 5. a3 O-O 6. d4 Bb6 7. Bd2 c5 8. c3 Nc6
9. Be3 cxd4 10. cxd4 Ng4 11. Qd3 Nxe3 12. Qxe3 Qf6 13. Qd3 Nxd4 14. Ng5 g6 15.
h4 Nf5 16. Nd2 Qxb2 17. Nb3 Ne3 18. Bf3 Nc2+ 19. Qxc2 Qxc2 20. Rc1 Qxb3 21. h5
Qe3 22. Rc2 Bd7 23. Nxh7 Kxh7 24. hxg6+ Kxg6 25. Bh5+ Kf6 26. g4 Qf2+ 27. Kd1
Ba4 28. Kc1 Bxc2 29. Kxc2 Qxe2+ 30. Kb3 Rac8 31. g5+ Ke7 32. Bxe2 Be3 33. Bf3
Bxf4 34. Rh5 Rh8 35. a4 Rxh5 36. Bxh5 Bxg5 37. Kb4 e5 38. a5 e4 39. Kb5 Be3 40.
Bg4 Rc5+ 41. Kb4 Kd6 42. Bh5 f5 43. Bg6 f4 44. Bf5 Bd2+ 45. Ka4 Rxa5+ 46. Kb3
e3 47. Kc2 Rc5+ 48. Kd3 Ke5 49. Bd7 f3 50. Ba4 Rc3# 0-1

[Event "Tournoi Skype 032B"]
[Site "Skype"]
[Date "????.??.??"]
[Round "5.49"]
[White "Schuh, David"]
[Black "Schllosser, Marcos Antonio"]
[Result "1-0"]
[WhiteElo "1422"]
[BlackElo "1328"]
[PlyCount "49"]

1. d4 d5 2. Nc3 Nf6 3. Bf4 e6 4. e3 Bd6 5. Bxd6 cxd6 6. Bd3 O-O 7. Nf3 Nbd7 8.
Qd2 Qe7 9. O-O-O a6 10. h4 Rb8 11. h5 e5 12. dxe5 dxe5 13. h6 g6 14. Ng5 d4 15.
exd4 exd4 16. Nce4 Nxe4 17. Bxe4 Qe5 18. f4 Qd6 19. Qxd4 Qxf4+ 20. Qd2 Qxe4 21.
Nxe4 Re8 22. Qf4 Ra8 23. Nf6+ Nxf6 24. Qxf6 Re2 25. Rd8+ 1-0